000
00292nam a2200121Ia 4500
005
20251222144733.0
008
251222s9999||||xx |||||||||||||| ||spa||
082
_a
704.948.207/S58
245
0
_a
Museu de Arte Sacra de São Paulo
250
_a
1ra.ed.
264
_b
Banco Safra
942
_c
LIB
999
_c
18677
_d
18677